Largest Lakes in Sweden - Statistics

General Stats
  • This quiz has been taken 33 times
  • The average score is 6 of 10
Answer Stats
km² sq mi Lake % Correct
1,886 728 Vättern
100%
5,519 2,131 Vänern
93%
1,090 420 Mälaren
85%
456 176 Storsjön
78%
477 184 Hjälmaren
59%
292 113 Siljan
59%
330 130 Torneträsk
48%
262 101 Hornavan
33%
260 100 Akkajaure
15%
249 96 Uddjaure
15%
No matching quizzes found
Score Distribution
Percent of People with Each Score
Percentile by Number Answered
Your Score History
You have not taken this quiz